[Event "ODJM A 2024"]
[Site "Willingen GER"]
[Date "2024.05.19"]
[Round "2"]
[White "Wübker, Paul-Luca"]
[Black "Ratushnyi, Viktor"]
[Result "1-0"]
[Termination "normal"]
[Board "1"]
[WhiteElo "2267"]
[BlackElo "1880"]
[WhiteClock "00:30:38"]
[BlackClock "00:06:30"]
[PlyCount "95"]
[WhiteFideId "12939528"]
[BlackFideId "34167293"]
[EventCountry "GER"]
[EventRounds "9"]
[EventType "swiss"]
[EventDate "2024.05.18"]

1. d4 {[%clk 01:30:57]} {[%emt 00:00:02]} Nf6 {[%clk 01:30:59]} 2. c4 {[%clk
01:31:22]} {[%emt 00:00:07]} g6 {[%clk 01:31:23]} {[%emt 00:00:06]} 3. Nc3
{[%clk 01:31:40]} {[%emt 00:00:12]} Bg7 {[%clk 01:31:51]} 4. e4 {[%clk
01:32:04]} {[%emt 00:00:08]} d6 {[%clk 01:32:11]} {[%emt 00:00:10]} 5. Nf3
{[%clk 01:32:26]} {[%emt 00:00:07]} O-O {[%clk 01:30:58]} {[%emt 00:01:44]} 6.
Be2 {[%clk 01:32:51]} {[%emt 00:00:05]} e5 {[%clk 01:30:50]} {[%emt 00:00:38]}
7. O-O {[%clk 01:33:14]} {[%emt 00:00:07]} exd4 {[%clk 01:28:03]} {[%emt
00:03:17]} 8. Nxd4 {[%clk 01:33:33]} {[%emt 00:00:11]} Nc6 {[%clk 01:26:47]}
{[%emt 00:01:46]} 9. Nxc6 {[%clk 01:23:20]} {[%emt 00:10:43]} bxc6 {[%clk
01:26:04]} {[%emt 00:01:12]} 10. Qa4 {[%clk 01:21:22]} {[%emt 00:02:27]} Bd7
{[%clk 01:20:15]} 11. c5 {[%clk 01:21:42]} {[%emt 00:06:30]} Qe7 {[%clk
01:05:00]} 12. Bf3 {[%clk 01:20:46]} {[%emt 00:17:10]} d5 {[%clk 01:00:36]} 13.
exd5 {[%clk 01:17:13]} {[%emt 00:08:59]} cxd5 {[%clk 00:57:02]} 14. c6 {[%clk
01:17:37]} {[%emt 00:04:09]} Be6 {[%clk 00:56:32]} {[%emt 00:01:00]} 15. Re1
{[%clk 01:10:12]} {[%emt 00:07:54]} Rfd8 {[%clk 00:49:36]} {[%emt 00:07:26]}
16. Bf4 {[%clk 01:08:43]} {[%emt 00:02:00]} a6 {[%clk 00:45:50]} {[%emt
00:04:17]} 17. Rad1 {[%clk 01:05:07]} {[%emt 00:04:05]} Rab8 {[%clk 00:36:43]}
{[%emt 00:09:38]} 18. Bxd5 {[%clk 00:47:55]} {[%emt 00:17:42]} Rb4 {[%clk
00:14:05]} {[%emt 00:23:07]} 19. Qa3 {[%clk 00:48:16]} {[%emt 00:00:09]} Nxd5
{[%clk 00:12:48]} {[%emt 00:01:47]} 20. Nxd5 {[%clk 00:43:48]} {[%emt
00:04:58]} Rxd5 {[%clk 00:13:17]} {[%emt 00:00:02]} 21. Rxd5 {[%clk 00:44:00]}
{[%emt 00:00:18]} Bxb2 {[%clk 00:12:03]} {[%emt 00:01:43]} 22. Qe3 {[%clk
00:35:31]} {[%emt 00:09:00]} Bf6 {[%clk 00:09:37]} {[%emt 00:02:56]} 23. Rdd1
{[%clk 00:31:40]} {[%emt 00:04:20]} h5 {[%clk 00:06:20]} {[%emt 00:05:01]} 24.
Be5 {[%clk 00:30:01]} {[%emt 00:00:56]} Bg5 {[%clk 00:04:17]} {[%emt 00:02:32]}
25. Qa7 {[%clk 00:28:48]} {[%emt 00:01:45]} Kh7 {[%clk 00:02:23]} {[%emt
00:02:24]} 26. Qxa6 {[%clk 00:25:17]} {[%emt 00:04:01]} Bh6 {[%clk 00:00:45]}
{[%emt 00:02:08]} 27. Qa7 {[%clk 00:24:28]} {[%emt 00:01:18]} Rc4 {[%clk
00:00:45]} {[%emt 00:00:31]} 28. a4 {[%clk 00:23:50]} {[%emt 00:01:08]} Rxc6
{[%clk 00:00:48]} {[%emt 00:00:27]} 29. Qa8 {[%clk 00:24:12]} {[%emt 00:00:08]}
f6 {[%clk 00:00:39]} {[%emt 00:00:39]} 30. Bxf6 {[%clk 00:24:10]} {[%emt
00:00:31]} Qxf6 {[%clk 00:00:33]} {[%emt 00:00:36]} 31. Qxc6 {[%clk 00:24:34]}
{[%emt 00:00:06]} Bg7 {[%clk 00:00:49]} {[%emt 00:00:14]} 32. Qxe6 {[%clk
00:24:55]} {[%emt 00:00:08]} Qc3 {[%clk 00:00:42]} {[%emt 00:00:38]} 33. Qe4
{[%clk 00:25:07]} {[%emt 00:00:18]} c5 {[%clk 00:00:41]} {[%emt 00:00:31]} 34.
Rd6 {[%clk 00:25:29]} {[%emt 00:00:08]} Bf6 {[%clk 00:00:59]} {[%emt 00:00:12]}
35. Rxf6 {[%clk 00:25:51]} {[%emt 00:00:08]} Qxf6 {[%clk 00:01:26]} {[%emt
00:00:03]} 36. Qe7+ {[%clk 00:26:14]} {[%emt 00:00:08]} Qxe7 {[%clk 00:01:55]}
{[%emt 00:00:02]} 37. Rxe7+ {[%clk 00:26:36]} {[%emt 00:00:08]} Kh6 {[%clk
00:02:21]} {[%emt 00:00:03]} 38. a5 {[%clk 00:26:58]} {[%emt 00:00:09]} c4
{[%clk 00:02:50]} 39. Rc7 {[%clk 00:27:20]} {[%emt 00:00:07]} c3 {[%clk
00:03:14]} {[%emt 00:00:06]} 40. a6 {[%clk 00:27:46]} {[%emt 00:00:05]} c2
{[%clk 00:03:41]} {[%emt 00:00:03]} 41. a7 {[%clk 00:28:11]} {[%emt 00:00:05]}
c1=R+ {[%clk 00:04:08]} {[%emt 00:00:03]} 42. Rxc1 {[%clk 00:28:32]} {[%emt
00:00:09]} h4 {[%clk 00:04:32]} {[%emt 00:00:06]} 43. a8=Q {[%clk 00:28:54]}
{[%emt 00:00:08]} h3 {[%clk 00:04:59]} {[%emt 00:00:03]} 44. Qh8+ {[%clk
00:29:11]} {[%emt 00:00:13]} Kg5 {[%clk 00:05:28]} {[%emt 00:00:01]} 45. Qe5+
{[%clk 00:29:33]} {[%emt 00:00:08]} Kh6 {[%clk 00:05:51]} {[%emt 00:00:07]} 46.
Rc8 {[%clk 00:29:57]} {[%emt 00:00:06]} g5 {[%clk 00:06:15]} {[%emt 00:00:06]}
47. Rg8 {[%clk 00:30:14]} {[%emt 00:00:13]} Kh7 {[%clk 00:06:30]} {[%emt
00:00:15]} 48. Qh8# {[%clk 00:30:38]} {[%emt 00:00:06]} 1-0

[Event "ODJM A 2024"]
[Site "Willingen GER"]
[Date "2024.05.19"]
[Round "2"]
[White "Sabirov, Rafael"]
[Black "Drygala, Lars"]
[Result "0-1"]
[Termination "normal"]
[Board "2"]
[WhiteElo "2169"]
[BlackElo "1994"]
[WhiteClock "00:08:11"]
[BlackClock "00:41:39"]
[PlyCount "146"]
[WhiteFideId "16241185"]
[BlackFideId "34617779"]
[EventCountry "GER"]
[EventRounds "9"]
[EventType "swiss"]
[EventDate "2024.05.18"]

1. e4 {[%clk 01:30:59]} {[%emt 00:00:01]} e6 {[%clk 01:30:52]} {[%emt
00:00:08]} 2. d4 {[%clk 01:31:25]} {[%emt 00:00:04]} d5 {[%clk 01:31:17]}
{[%emt 00:00:06]} 3. Nc3 {[%clk 01:31:51]} {[%emt 00:00:04]} dxe4 {[%clk
01:30:13]} {[%emt 00:01:34]} 4. Nxe4 {[%clk 01:32:13]} {[%emt 00:00:07]} Nd7
{[%clk 01:30:28]} {[%emt 00:00:16]} 5. Bd3 {[%clk 01:32:18]} {[%emt 00:00:25]}
Ngf6 {[%clk 01:30:44]} {[%emt 00:00:14]} 6. Qe2 {[%clk 01:32:37]} {[%emt
00:00:11]} Be7 {[%clk 01:30:23]} {[%emt 00:00:52]} 7. Nf3 {[%clk 01:32:18]}
{[%emt 00:00:49]} O-O {[%clk 01:30:16]} {[%emt 00:00:38]} 8. Neg5 {[%clk
01:31:32]} {[%emt 00:01:15]} c5 {[%clk 01:29:46]} {[%emt 00:01:00]} 9. Ne5
{[%clk 01:09:47]} {[%emt 00:22:15]} cxd4 {[%clk 01:13:38]} {[%emt 00:16:39]}
10. Nexf7 {[%clk 00:54:14]} {[%emt 00:16:02]} Rxf7 {[%clk 01:13:55]} {[%emt
00:00:14]} 11. Qxe6 {[%clk 00:49:08]} {[%emt 00:05:36]} Qa5+ {[%clk 01:13:41]}
{[%emt 00:00:44]} 12. Bd2 {[%clk 00:41:47]} {[%emt 00:07:51]} Qe5+ {[%clk
01:14:00]} {[%emt 00:00:11]} 13. Qxe5 {[%clk 00:42:07]} {[%emt 00:00:10]} Nxe5
{[%clk 01:14:23]} {[%emt 00:00:07]} 14. Nxf7 {[%clk 00:42:26]} {[%emt
00:00:10]} Nxd3+ {[%clk 01:14:29]} {[%emt 00:00:25]} 15. cxd3 {[%clk 00:42:49]}
{[%emt 00:00:07]} Kxf7 {[%clk 01:14:56]} {[%emt 00:00:04]} 16. Rc1 {[%clk
00:40:42]} {[%emt 00:02:36]} Nd5 {[%clk 01:09:26]} {[%emt 00:06:01]} 17. Rc4
{[%clk 00:30:40]} {[%emt 00:10:30]} Bf6 {[%clk 01:09:47]} {[%emt 00:00:11]} 18.
Rc5 {[%clk 00:21:06]} {[%emt 00:10:04]} Be6 {[%clk 01:07:32]} {[%emt 00:02:45]}
19. h3 {[%clk 00:19:28]} {[%emt 00:02:08]} Ne7 {[%clk 00:54:43]} {[%emt
00:13:19]} 20. b3 {[%clk 00:14:26]} {[%emt 00:05:32]} Nd5 {[%clk 00:46:40]}
{[%emt 00:08:33]} 21. g4 {[%clk 00:11:55]} {[%emt 00:03:01]} g6 {[%clk
00:42:58]} {[%emt 00:04:12]} 22. f4 {[%clk 00:11:02]} {[%emt 00:01:23]} Rc8
{[%clk 00:40:18]} {[%emt 00:03:08]} 23. Rxc8 {[%clk 00:10:06]} {[%emt
00:01:28]} Bxc8 {[%clk 00:40:43]} {[%emt 00:00:05]} 24. Kd1 {[%clk 00:08:45]}
{[%emt 00:01:51]} Nc3+ {[%clk 00:38:30]} {[%emt 00:02:42]} 25. Kc2 {[%clk
00:09:10]} {[%emt 00:00:06]} a6 {[%clk 00:38:32]} {[%emt 00:00:29]} 26. a4
{[%clk 00:09:31]} {[%emt 00:00:10]} Bd7 {[%clk 00:35:35]} {[%emt 00:03:27]} 27.
Bxc3 {[%clk 00:07:33]} {[%emt 00:05:16]} dxc3 {[%clk 00:35:57]} 28. d4 {[%clk
00:07:56]} Ke6 {[%clk 00:32:14]} {[%emt 00:01:40]} 29. Kxc3 {[%clk 00:06:40]}
{[%emt 00:01:46]} Kd5 {[%clk 00:32:35]} {[%emt 00:00:09]} 30. Rd1 {[%clk
00:07:02]} {[%emt 00:00:07]} Bg7 {[%clk 00:29:56]} {[%emt 00:03:09]} 31. Rd2
{[%clk 00:06:38]} {[%emt 00:00:54]} h5 {[%clk 00:28:13]} {[%emt 00:02:13]} 32.
Rg2 {[%clk 00:03:03]} {[%emt 00:04:06]} hxg4 {[%clk 00:27:37]} {[%emt
00:01:07]} 33. hxg4 {[%clk 00:03:27]} {[%emt 00:00:06]} b5 {[%clk 00:26:52]}
{[%emt 00:01:15]} 34. axb5 {[%clk 00:03:19]} {[%emt 00:00:38]} Bxd4+ {[%clk
00:27:01]} {[%emt 00:00:20]} 35. Kb4 {[%clk 00:03:25]} {[%emt 00:00:23]} Bxb5
{[%clk 00:27:00]} {[%emt 00:00:32]} 36. Rh2 {[%clk 00:00:59]} {[%emt 00:02:56]}
Bd3 {[%clk 00:25:31]} {[%emt 00:01:59]} 37. Rd2 {[%clk 00:00:57]} {[%emt
00:00:32]} Ke4 {[%clk 00:25:19]} {[%emt 00:00:42]} 38. Rd1 {[%clk 00:00:35]}
{[%emt 00:00:52]} Ke3 {[%clk 00:21:49]} {[%emt 00:04:00]} 39. f5 {[%clk
00:00:39]} {[%emt 00:00:26]} g5 {[%clk 00:21:45]} {[%emt 00:00:34]} 40. Ka5
{[%clk 00:00:36]} {[%emt 00:00:33]} Bb5 {[%clk 00:18:41]} {[%emt 00:03:34]} 41.
Rh1 {[%clk 00:16:21]} {[%emt 00:14:46]} Kf4 {[%clk 00:46:58]} {[%emt 00:02:12]}
42. Rh6 {[%clk 00:16:22]} {[%emt 00:00:28]} Kxg4 {[%clk 00:46:07]} {[%emt
00:01:21]} 43. f6 {[%clk 00:16:39]} {[%emt 00:00:13]} Be8 {[%clk 00:42:44]}
{[%emt 00:03:53]} 44. Kxa6 {[%clk 00:10:39]} {[%emt 00:06:30]} Kf5 {[%clk
00:42:43]} {[%emt 00:00:31]} 45. b4 {[%clk 00:08:36]} {[%emt 00:02:34]} Bf7
{[%clk 00:41:09]} {[%emt 00:02:04]} 46. b5 {[%clk 00:06:08]} {[%emt 00:02:59]}
g4 {[%clk 00:40:13]} {[%emt 00:01:26]} 47. b6 {[%clk 00:02:50]} {[%emt
00:03:47]} Bc4+ {[%clk 00:37:23]} {[%emt 00:03:19]} 48. Kb7 {[%clk 00:01:58]}
{[%emt 00:03:33]} g3 {[%clk 00:35:30]} {[%emt 00:00:27]} 49. f7 {[%clk
00:00:54]} {[%emt 00:01:19]} Bxf7 {[%clk 00:35:40]} {[%emt 00:00:20]} 50. Rh3
{[%clk 00:00:37]} {[%emt 00:00:46]} g2 {[%clk 00:35:50]} {[%emt 00:00:21]} 51.
Rg3 {[%clk 00:00:56]} {[%emt 00:00:11]} Bd5+ {[%clk 00:36:08]} {[%emt
00:00:12]} 52. Kc8 {[%clk 00:00:33]} {[%emt 00:00:53]} Bxb6 {[%clk 00:36:27]}
{[%emt 00:00:11]} 53. Kd7 {[%clk 00:00:41]} {[%emt 00:00:22]} g1=Q {[%clk
00:36:50]} {[%emt 00:00:08]} 54. Rxg1 {[%clk 00:01:06]} {[%emt 00:00:05]} Bxg1
{[%clk 00:37:14]} {[%emt 00:00:06]} 55. Kd6 {[%clk 00:01:30]} {[%emt 00:00:06]}
Ke4 {[%clk 00:37:37]} {[%emt 00:00:07]} 56. Ke7 {[%clk 00:01:50]} {[%emt
00:00:09]} Bd4 {[%clk 00:37:44]} {[%emt 00:00:23]} 57. Kd6 {[%clk 00:02:15]}
{[%emt 00:00:06]} Bc4 {[%clk 00:38:01]} {[%emt 00:00:13]} 58. Kc6 {[%clk
00:02:35]} {[%emt 00:00:09]} Ke5 {[%clk 00:38:19]} {[%emt 00:00:12]} 59. Kd7
{[%clk 00:02:56]} {[%emt 00:00:09]} Bd5 {[%clk 00:38:35]} {[%emt 00:00:14]} 60.
Ke7 {[%clk 00:03:17]} {[%emt 00:00:10]} Bc5+ {[%clk 00:38:59]} {[%emt
00:00:06]} 61. Kd7 {[%clk 00:03:33]} {[%emt 00:00:14]} Kf6 {[%clk 00:39:13]}
{[%emt 00:00:16]} 62. Kc7 {[%clk 00:03:57]} {[%emt 00:00:06]} Ke7 {[%clk
00:39:12]} {[%emt 00:00:31]} 63. Kc8 {[%clk 00:04:11]} {[%emt 00:00:15]} Kd6
{[%clk 00:39:04]} {[%emt 00:00:38]} 64. Kd8 {[%clk 00:04:33]} {[%emt 00:00:08]}
Bc6 {[%clk 00:39:05]} {[%emt 00:00:29]} 65. Kc8 {[%clk 00:04:56]} {[%emt
00:00:07]} Bb6 {[%clk 00:39:32]} {[%emt 00:00:03]} 66. Kb8 {[%clk 00:05:20]}
{[%emt 00:00:06]} Kc5 {[%clk 00:39:14]} {[%emt 00:00:48]} 67. Kc8 {[%clk
00:05:44]} {[%emt 00:00:06]} Kb5 {[%clk 00:39:40]} {[%emt 00:00:03]} 68. Kb8
{[%clk 00:06:09]} {[%emt 00:00:04]} Ka6 {[%clk 00:40:07]} {[%emt 00:00:03]} 69.
Kc8 {[%clk 00:06:34]} {[%emt 00:00:05]} Ba5 {[%clk 00:40:28]} {[%emt 00:00:09]}
70. Kb8 {[%clk 00:06:58]} {[%emt 00:00:07]} Bd7 {[%clk 00:40:51]} {[%emt
00:00:06]} 71. Ka8 {[%clk 00:07:21]} {[%emt 00:00:07]} Bb4 {[%clk 00:41:12]}
{[%emt 00:00:09]} 72. Kb8 {[%clk 00:07:47]} {[%emt 00:00:05]} Bd6+ {[%clk
00:41:39]} {[%emt 00:00:03]} 73. Ka8 {[%clk 00:08:11]} {[%emt 00:00:05]} Bc6#
{[%emt 00:00:04]} 0-1

[Event "ODJM A 2024"]
[Site "Willingen GER"]
[Date "2024.05.19"]
[Round "2"]
[White "Grunert, Friedrich"]
[Black "Menzel, Maximilian"]
[Result "1-0"]
[Termination "normal"]
[Board "3"]
[WhiteElo "1977"]
[BlackElo "2128"]
[WhiteClock "00:13:22"]
[BlackClock "00:16:08"]
[PlyCount "121"]
[WhiteFideId "12995592"]
[BlackFideId "34617280"]
[EventCountry "GER"]
[EventRounds "9"]
[EventType "swiss"]
[EventDate "2024.05.18"]

1. d4 {[%clk 01:30:57]} {[%emt 00:00:02]} Nf6 {[%clk 01:30:57]} {[%emt
00:00:03]} 2. c4 {[%clk 01:31:23]} {[%emt 00:00:04]} e6 {[%clk 01:31:24]}
{[%emt 00:00:04]} 3. Nc3 {[%clk 01:31:49]} {[%emt 00:00:03]} Bb4 {[%clk
01:31:50]} {[%emt 00:00:04]} 4. f3 {[%clk 01:32:04]} {[%emt 00:00:16]} Nc6
{[%clk 01:30:45]} {[%emt 00:01:35]} 5. e4 {[%clk 01:32:06]} {[%emt 00:00:27]}
d5 {[%clk 01:31:05]} {[%emt 00:00:11]} 6. cxd5 {[%clk 01:30:47]} {[%emt
00:01:49]} exd5 {[%clk 01:31:10]} {[%emt 00:00:25]} 7. e5 {[%clk 01:31:00]}
{[%emt 00:00:18]} Ng8 {[%clk 01:31:26]} {[%emt 00:00:14]} 8. Be3 {[%clk
01:29:31]} {[%emt 00:01:58]} Nh6 {[%clk 01:28:10]} {[%emt 00:03:47]} 9. Bb5
{[%clk 01:25:51]} {[%emt 00:04:10]} O-O {[%clk 01:17:07]} {[%emt 00:11:33]} 10.
Nge2 {[%clk 01:23:36]} {[%emt 00:02:44]} Nf5 {[%clk 01:10:05]} {[%emt
00:07:32]} 11. Bf2 {[%clk 01:20:35]} {[%emt 00:03:31]} f6 {[%clk 01:03:04]}
{[%emt 00:07:31]} 12. f4 {[%clk 01:05:50]} {[%emt 00:15:15]} fxe5 {[%clk
00:50:23]} {[%emt 00:13:11]} 13. dxe5 {[%clk 01:04:59]} {[%emt 00:01:21]} a6
{[%clk 00:39:46]} {[%emt 00:11:08]} 14. Bxc6 {[%clk 00:58:43]} {[%emt
00:06:46]} bxc6 {[%clk 00:39:54]} {[%emt 00:00:21]} 15. Qa4 {[%clk 00:54:00]}
{[%emt 00:05:12]} Rb8 {[%clk 00:37:19]} {[%emt 00:03:06]} 16. O-O {[%clk
00:54:05]} {[%emt 00:00:24]} d4 {[%clk 00:23:32]} {[%emt 00:14:17]} 17. Rad1
{[%clk 00:48:29]} {[%emt 00:06:05]} c5 {[%clk 00:22:45]} {[%emt 00:01:18]} 18.
a3 {[%clk 00:48:14]} {[%emt 00:00:45]} Bxc3 {[%clk 00:21:44]} {[%emt 00:01:32]}
19. bxc3 {[%clk 00:48:29]} {[%emt 00:00:15]} Bd7 {[%clk 00:18:09]} {[%emt
00:04:05]} 20. Qc4+ {[%clk 00:47:06]} {[%emt 00:01:52]} Kh8 {[%clk 00:18:27]}
{[%emt 00:00:13]} 21. Qxc5 {[%clk 00:46:54]} {[%emt 00:00:42]} Ba4 {[%clk
00:13:24]} {[%emt 00:05:33]} 22. Rd2 {[%clk 00:44:50]} {[%emt 00:02:34]} Rb5
{[%clk 00:11:19]} {[%emt 00:02:36]} 23. Qc4 {[%clk 00:43:36]} {[%emt 00:01:42]}
Bb3 {[%clk 00:11:24]} {[%emt 00:00:26]} 24. Qd3 {[%clk 00:43:13]} {[%emt
00:00:53]} Qd5 {[%clk 00:10:45]} {[%emt 00:01:09]} 25. Bxd4 {[%clk 00:35:47]}
{[%emt 00:07:56]} Bc4 {[%clk 00:10:56]} {[%emt 00:00:20]} 26. Qc2 {[%clk
00:23:07]} {[%emt 00:13:09]} Bxe2 {[%clk 00:06:38]} {[%emt 00:04:47]} 27. Rxe2
{[%clk 00:13:52]} {[%emt 00:09:45]} Nxd4 {[%clk 00:06:37]} {[%emt 00:00:32]}
28. cxd4 {[%clk 00:14:16]} {[%emt 00:00:06]} Qxd4+ {[%clk 00:07:03]} {[%emt
00:00:04]} 29. Ref2 {[%clk 00:11:23]} {[%emt 00:03:22]} Rc5 {[%clk 00:04:13]}
{[%emt 00:03:21]} 30. Qd2 {[%clk 00:11:10]} {[%emt 00:00:43]} Qxd2 {[%clk
00:03:31]} {[%emt 00:01:12]} 31. Rxd2 {[%clk 00:11:37]} {[%emt 00:00:03]} Rc3
{[%clk 00:03:20]} {[%emt 00:00:41]} 32. Rf3 {[%clk 00:09:51]} {[%emt 00:02:15]}
Rxf3 {[%clk 00:02:46]} {[%emt 00:01:04]} 33. gxf3 {[%clk 00:10:17]} {[%emt
00:00:03]} Kg8 {[%clk 00:02:26]} {[%emt 00:00:50]} 34. Rd4 {[%clk 00:08:44]}
{[%emt 00:02:04]} Kf7 {[%clk 00:01:13]} {[%emt 00:02:04]} 35. Kf2 {[%clk
00:08:11]} {[%emt 00:04:06]} Ke7 {[%clk 00:00:55]} 36. Ke3 {[%clk 00:07:56]}
Rb8 {[%clk 00:01:06]} 37. Rb4 {[%clk 00:04:32]} {[%emt 00:02:23]} Re8 {[%clk
00:01:08]} {[%emt 00:00:27]} 38. f5 {[%clk 00:04:21]} {[%emt 00:00:40]} Kd7
{[%clk 00:01:08]} {[%emt 00:00:31]} 39. f4 {[%clk 00:03:43]} {[%emt 00:01:08]}
a5 {[%clk 00:00:54]} {[%emt 00:00:44]} 40. Rb5 {[%clk 00:03:00]} {[%emt
00:01:13]} Ra8 {[%clk 00:00:54]} {[%emt 00:00:30]} 41. Ke4 {[%clk 00:01:20]}
{[%emt 00:02:10]} Ra6 {[%clk 00:22:41]} {[%emt 00:08:44]} 42. Rb3 {[%clk
00:30:07]} {[%emt 00:01:43]} Rh6 {[%clk 00:17:51]} {[%emt 00:05:19]} 43. Rg3
{[%clk 00:28:54]} {[%emt 00:01:43]} g6 {[%clk 00:17:12]} {[%emt 00:01:10]} 44.
Rd3+ {[%clk 00:28:54]} {[%emt 00:00:30]} Ke8 {[%clk 00:17:16]} {[%emt
00:00:26]} 45. h3 {[%clk 00:27:39]} {[%emt 00:01:45]} Rh4 {[%clk 00:17:10]}
{[%emt 00:00:37]} 46. f6 {[%clk 00:26:36]} {[%emt 00:01:33]} g5 {[%clk
00:16:01]} {[%emt 00:01:39]} 47. Kf5 {[%clk 00:26:33]} {[%emt 00:00:32]} Rxf4+
{[%clk 00:16:20]} {[%emt 00:00:11]} 48. Kxg5 {[%clk 00:26:47]} {[%emt
00:00:15]} Rf1 {[%clk 00:16:36]} {[%emt 00:00:14]} 49. e6 {[%clk 00:25:57]}
{[%emt 00:01:21]} Rg1+ {[%clk 00:15:42]} {[%emt 00:04:22]} 50. Kf4 {[%clk
00:21:27]} {[%emt 00:02:01]} Rf1+ {[%clk 00:15:25]} {[%emt 00:00:48]} 51. Rf3
{[%clk 00:20:51]} {[%emt 00:01:04]} Rb1 {[%clk 00:15:28]} {[%emt 00:00:28]} 52.
Kg5 {[%clk 00:14:45]} {[%emt 00:06:36]} Rg1+ {[%clk 00:15:41]} {[%emt
00:00:16]} 53. Kh6 {[%clk 00:13:55]} {[%emt 00:01:20]} Re1 {[%clk 00:15:41]}
{[%emt 00:00:30]} 54. e7 {[%clk 00:13:31]} {[%emt 00:00:55]} Kf7 {[%clk
00:15:56]} {[%emt 00:00:15]} 55. Kxh7 {[%clk 00:13:42]} {[%emt 00:00:19]} Re5
{[%clk 00:15:41]} {[%emt 00:00:45]} 56. Kh6 {[%clk 00:13:48]} {[%emt 00:00:24]}
c5 {[%clk 00:15:44]} {[%emt 00:00:28]} 57. h4 {[%clk 00:12:41]} {[%emt
00:01:36]} c4 {[%clk 00:15:55]} {[%emt 00:00:20]} 58. a4 {[%clk 00:12:18]}
{[%emt 00:00:53]} c3 {[%clk 00:15:33]} {[%emt 00:00:52]} 59. Rxc3 {[%clk
00:12:37]} {[%emt 00:00:11]} Kxf6 {[%clk 00:15:55]} {[%emt 00:00:07]} 60. e8=Q
{[%clk 00:12:57]} {[%emt 00:00:09]} Rxe8 {[%clk 00:16:08]} {[%emt 00:00:18]}
61. Rf3+ {[%clk 00:13:22]} {[%emt 00:00:05]} 1-0

[Event "ODJM A 2024"]
[Site "Willingen GER"]
[Date "2024.05.19"]
[Round "2"]
[White "Stegert, Jonas"]
[Black "Gallasch, Robin"]
[Result "1/2-1/2"]
[Termination "normal"]
[Board "4"]
[WhiteElo "1927"]
[BlackElo "2119"]
[WhiteClock "00:38:54"]
[BlackClock "00:12:02"]
[PlyCount "70"]
[WhiteFideId "16247965"]
[BlackFideId "16222423"]
[EventCountry "GER"]
[EventRounds "9"]
[EventType "swiss"]
[EventDate "2024.05.18"]

1. Nf3 {[%clk 01:30:57]} {[%emt 00:00:01]} d5 {[%clk 01:29:35]} {[%emt
00:01:25]} 2. g3 {[%clk 01:30:46]} {[%emt 00:00:42]} Nf6 {[%clk 01:20:08]}
{[%emt 00:09:57]} 3. d4 {[%clk 01:30:02]} {[%emt 00:01:15]} Bf5 {[%clk
01:19:36]} {[%emt 00:01:01]} 4. Bg2 {[%clk 01:30:04]} {[%emt 00:00:28]} e6
{[%clk 01:19:58]} {[%emt 00:00:08]} 5. c4 {[%clk 01:29:37]} {[%emt 00:00:57]}
c6 {[%clk 01:20:13]} {[%emt 00:00:14]} 6. Nc3 {[%clk 01:28:40]} {[%emt
00:01:27]} h6 {[%clk 01:20:04]} {[%emt 00:00:39]} 7. O-O {[%clk 01:28:44]}
{[%emt 00:00:26]} Nbd7 {[%clk 01:15:13]} {[%emt 00:05:21]} 8. Qb3 {[%clk
01:27:58]} {[%emt 00:01:16]} Qb6 {[%clk 01:10:21]} {[%emt 00:05:21]} 9. c5
{[%clk 01:27:57]} {[%emt 00:00:33]} Qc7 {[%clk 01:10:45]} {[%emt 00:00:06]} 10.
Qa4 {[%clk 01:26:17]} {[%emt 00:02:11]} Be7 {[%clk 00:55:33]} {[%emt 00:15:42]}
11. b4 {[%clk 01:21:17]} {[%emt 00:05:31]} O-O {[%clk 00:54:41]} {[%emt
00:01:21]} 12. Re1 {[%clk 01:15:34]} {[%emt 00:06:12]} a6 {[%clk 00:47:42]}
{[%emt 00:07:30]} 13. Bf1 {[%clk 01:12:23]} {[%emt 00:03:40]} Ne4 {[%clk
00:36:09]} {[%emt 00:12:04]} 14. Nxe4 {[%clk 01:04:32]} {[%emt 00:08:21]} Bxe4
{[%clk 00:36:35]} {[%emt 00:00:04]} 15. Nd2 {[%clk 00:54:32]} {[%emt 00:10:30]}
Bh7 {[%clk 00:36:32]} {[%emt 00:00:33]} 16. Qb3 {[%clk 00:54:38]} {[%emt
00:00:24]} Bf6 {[%clk 00:32:20]} {[%emt 00:04:42]} 17. Bb2 {[%clk 00:53:30]}
{[%emt 00:01:38]} e5 {[%clk 00:24:12]} {[%emt 00:08:39]} 18. e3 {[%clk
00:53:49]} {[%emt 00:00:10]} Rfe8 {[%clk 00:22:05]} {[%emt 00:02:37]} 19. Bd3
{[%clk 00:51:23]} {[%emt 00:02:56]} Bxd3 {[%clk 00:20:42]} {[%emt 00:01:53]}
20. Qxd3 {[%clk 00:51:48]} {[%emt 00:00:05]} e4 {[%clk 00:20:22]} {[%emt
00:00:51]} 21. Qe2 {[%clk 00:49:07]} {[%emt 00:03:11]} g6 {[%clk 00:16:13]}
{[%emt 00:04:38]} 22. a4 {[%clk 00:47:03]} {[%emt 00:02:34]} h5 {[%clk
00:16:38]} {[%emt 00:00:05]} 23. Nb3 {[%clk 00:46:36]} {[%emt 00:00:57]} Nf8
{[%clk 00:15:32]} {[%emt 00:01:36]} 24. Bc3 {[%clk 00:45:41]} {[%emt 00:01:25]}
Ne6 {[%clk 00:15:49]} {[%emt 00:00:13]} 25. h4 {[%clk 00:45:57]} {[%emt
00:00:14]} Ng7 {[%clk 00:14:27]} {[%emt 00:01:51]} 26. b5 {[%clk 00:45:57]}
{[%emt 00:00:31]} Nf5 {[%clk 00:14:43]} {[%emt 00:00:14]} 27. bxc6 {[%clk
00:45:01]} {[%emt 00:01:26]} bxc6 {[%clk 00:15:08]} {[%emt 00:00:05]} 28. Nd2
{[%clk 00:41:23]} {[%emt 00:04:08]} Rab8 {[%clk 00:12:11]} {[%emt 00:03:27]}
29. Rab1 {[%clk 00:40:24]} {[%emt 00:01:29]} Rxb1 {[%clk 00:11:17]} {[%emt
00:01:23]} 30. Rxb1 {[%clk 00:40:27]} {[%emt 00:00:28]} Nxg3 {[%clk 00:10:25]}
{[%emt 00:01:22]} 31. fxg3 {[%clk 00:40:35]} {[%emt 00:00:22]} Qxg3+ {[%clk
00:10:51]} {[%emt 00:00:04]} 32. Kh1 {[%clk 00:38:37]} {[%emt 00:06:35]} Qh3+
{[%clk 00:11:11]} 33. Kg1 {[%clk 00:38:33]} Qg3+ {[%clk 00:11:34]} 34. Kh1
{[%clk 00:38:58]} Qh3+ {[%clk 00:12:02]} 35. Kg1 {[%clk 00:38:54]} Qg3+ {[%emt
00:07:26]} 1/2-1/2